000 00702 a2200205 4500
003 NUST
005 20230102134156.0
010 _a 78019557
020 _a0064634809 :
040 _cNust
082 0 0 _a370,SMI
100 1 _aSmith, Samuel,
_938262
245 1 0 _aIdeas of the great educators /
_cSamuel Smith.
260 _aNew York:
_bBarnes & Noble Books,
_c1979.
300 _aviii, 200 p. ;
_c21 cm.
490 0 _aEveryday handbooks
505 _aPart 1:- One Educators in Ancient Times (Page-1), Part 2:- Educators in medieval Times (Page-47), Part 3:- Educators in Modern Times (Page-79), Index (Page-197).
650 0 _aEducation
_xPhilosophy
_xHistory.
_9106640
942 _2ddc
_cBK
_k370,SMI
999 _c185912
_d185912